000
00152nam a22000857a 4500
082
_a
823
100
_a
MARY JOSEPH
245
_a
I VALUE COURAGE
942
_c
BK
999
_c
8520
_d
8520